| 000 | 00655nam a2200229Ia 4500 | ||
|---|---|---|---|
| 003 | OSt | ||
| 005 | 20221007082133.0 | ||
| 006 | a|||||r|||| 00| 0 | ||
| 007 | ta | ||
| 008 | 221006b |||||||| |||| 00| 0 eng d | ||
| 024 | _a17,457 | ||
| 037 | _cTextual | ||
| 040 |
_aFLL _cFLL _beng |
||
| 041 |
_2eng _aeng |
||
| 082 | _aY:3:7:(Z), L5 | ||
| 100 |
_aRivlin Alice M. _9698817 |
||
| 245 | 0 | _aEthical and legal issues of social experimentation | |
| 260 |
_aWashington, _bD.C. The Brookings Institution Washington, D.C. _c1975 |
||
| 300 |
_a188p _ccm. |
||
| 942 |
_hY:3:7:(Z), L5 _cTEXL _2CC |
||
| 999 |
_c1165454 _d1165454 |
||